| 000 | 00608cam a2200205 i 4500 | ||
|---|---|---|---|
| 001 | 25341 | ||
| 003 | Mx-PuUPA | ||
| 005 | 20250926133933.0 | ||
| 008 | 140415s2010 nyuad gr 000 0 eng d | ||
| 020 | _a9780195375701 | ||
| 040 | _cMx-PuUPA | ||
| 041 | _aspa | ||
| 082 | 0 | 4 |
_axx _bxx _222 |
| 245 | _aModern latin américa | ||
| 250 | _aSevent edition | ||
| 264 | 1 |
_aNew York : _bOxford University Press, _c2010 |
|
| 300 |
_a465 páginas : _bilustraciones, gráficas ; _c24 cm |
||
| 942 |
_2ddc _cLI _hxx _ixx |
||
| 999 |
_c25341 _d25341 |
||